Normal view
MARC view
Entry Personal Name
001 - CONTROL NUMBER
- control field: 10118
003 - CONTROL NUMBER IDENTIFIER
- control field: BD-RjUL
005 - DATE AND TIME OF LATEST TRANSACTION
- control field: 20231120155042.0
008 - FIXED-LENGTH DATA ELEMENTS
- fixed length control field: 231120|| aca||aabn | a|a d
040 ## - CATALOGING SOURCE
- Original cataloging agency: BD-RjUL
- Transcribing agency: BD-RjUL
100 ## - HEADING--PERSONAL NAME
- Personal name: Hossain, Md. Sabbir
670 ## - SOURCE DATA FOUND
- Source citation: Work cat.: (BD-RjUL)82317: Hossain, Md. Sabbir, Estimation of demographic parameters in Bangladesh /, 2019